| 000 | 00887nam a2200217 i 4500 | ||
|---|---|---|---|
| 001 | 13547 | ||
| 003 | ES-MaACL | ||
| 005 | 20250828094148.0 | ||
| 007 | t| | ||
| 008 | 980514s1986 sp ||||1| spa d | ||
| 020 | _a84-600-4604-4 | ||
| 080 | _a325.2 (462.2)"1961/75" | ||
| 100 | 1 |
_aCayetano Rosado, Moisés. _937206 |
|
| 245 | 1 | 0 |
_aMovimientos migratorios extremeños en el "desarrollismo español" (1960-75) _b: memoria de licenciatura realizada / _cpor Moisés Cayetano Rosado. |
| 260 |
_a[Mérida : _bCentro Regional de Extremadura de la Universidad Nacional de Educación a Distancia], _cD.L. 1986. |
||
| 300 |
_a269 p. : _bmap. graf. ; _c22 cm. |
||
| 651 | 4 |
_aExtremadura- _xEmigración. _98645 |
|
| 710 | 2 |
_aUniversidad Nacional de Educación a Distancia (España). _bCentro Regional de Extremadura _97412 |
|
| 852 |
_aES-MaACL _jL-20898 _bR.113393 |
||
| 999 |
_c13547 _d13547 |
||